[Event "Villa Ballester op"]
[Site "Villa Ballester"]
[Date "1998.??.??"]
[Round "2"]
[White "Garbarino, Rodolfo"]
[Black "Caramia, Javier"]
[Result "1/2-1/2"]
[WhiteElo "2395"]
[BlackElo "2195"]

1.e4 c5 2.Nc3 a6 3.Nf3 e6 4.d4 cxd4 5.Nxd4 Qc7 6.f4 b5 7.Bd3 Bb7 8.Qe2 Nf6
9.e5 b4 10.Ne4 Nxe4 11.Bxe4 Bc5 12.Nb3 Bb6 13.Bxb7 Qxb7 14.Be3 Nc6 15.O-O-O Rc8
16.Bc5 Qa7 17.Qe3 Bxc5 18.Qxc5 Qxc5 19.Nxc5 Nxe5 20.Nxa6 Nc6 21.Rhe1 O-O
22.Kb1 d5 23.f5 Ra8 24.Nc5 exf5 25.Rxd5 Rfe8 26.Nd3 Rxe1+ 27.Nxe1 Re8 28.Nf3 g6
29.Kc1 Kg7 30.b3 h6 31.Kd2 Ra8 32.Nd4 Nxd4 33.Rxd4 Rxa2 34.Rxb4 Ra1 35.Ke3 g5
36.c4 Rc1 37.Rb5 f4+ 38.Kf3  1/2-1/2

[Event "Atlantic op"]
[Site "Washington"]
[Date "1998.??.??"]
[Round "2"]
[White "Strenzwilk, Denis"]
[Black "Meyer, Eugene B"]
[Result "1-0"]
[WhiteElo "2195"]
[BlackElo "2465"]

1.e4 c5 2.Nf3 e6 3.d4 cxd4 4.Nxd4 a6 5.Nc3 Qc7 6.g3 Bb4 7.Bd2 Nf6 8.Bg2 Nc6
9.Nxc6 dxc6 10.O-O Bc5 11.Re1 e5 12.h3 Be6 13.Be3 Nd7 14.a4 Bb4 15.Bd2 a5
16.Qe2 O-O 17.Rad1 Nc5 18.b3 Rad8 19.Nb1 Bxd2 20.Rxd2 Rxd2 21.Nxd2 Rd8 22.Nf3 Qd6
23.Qe3 h6 24.Qc3 f6 25.Re2 Qd1+ 26.Re1 Qd7 27.Re2 Qe7 28.Kh2 Rd1 29.Qe3 b5
30.axb5 cxb5 31.Qc3 a4 32.Qb4 Bd7 33.bxa4 bxa4 34.c3 Qd6 35.Rb2 Kf7 36.Bf1 Ke7
37.Bb5 Nd3 38.Bxd3 Rxd3 39.Nd2 Qxb4 40.cxb4 a3 41.Rc2 Be6 42.Nf1 a2 43.Rc1 Rb3
44.Ne3 Rb1  1-0

[Event "POL-chT2"]
[Site "Wisla"]
[Date "1998.??.??"]
[Round "?"]
[White "Hnydiuk, Aleksander"]
[Black "Jaworski, Miroslaw"]
[Result "1-0"]
[WhiteElo "2310"]
[BlackElo "2415"]

1.e4 c5 2.Nf3 e6 3.d4 cxd4 4.Nxd4 a6 5.Nc3 Qc7 6.g3 Nf6 7.Bg2 Be7 8.O-O O-O
9.f4 d6 10.g4 Nc6 11.Nxc6 bxc6 12.g5 Ne8 13.f5 exf5 14.exf5 d5 15.Kh1 Bd6
16.Ne2 Rb8 17.Qd3 Rb4 18.Nd4 a5 19.Bd2 Rb8 20.b3 Qb6 21.Bxa5 Qxa5 22.Nxc6 Qb6
23.Nxb8 Bxb8 24.Bxd5 Qd6 25.Rf2 Qe5 26.Raf1 Nd6 27.Re2 Qb2 28.c4 Qa3 29.g6 Kh8
30.gxf7 Nxf7 31.f6 g6 32.Qc3 Bg4 33.Qb2 Qd6 34.Re7 Ne5 35.Qf2 Bh3 36.Rxh7+  1-0

[Event "POL-chT2"]
[Site "Wisla"]
[Date "1998.??.??"]
[Round "?"]
[White "Hnydiuk, Aleksander"]
[Black "Ostrowski, Andrzej"]
[Result "1-0"]
[WhiteElo "2310"]
[BlackElo "2245"]

1.e4 c5 2.Nf3 e6 3.d4 cxd4 4.Nxd4 a6 5.Nc3 Qc7 6.g3 Bb4 7.Ne2 Nf6 8.Bg2 Be7
9.O-O d6 10.h3 Nc6 11.b3 b5 12.a3 O-O 13.Bb2 Rb8 14.Qd2 Bd7 15.g4 Rfc8 16.g5 Ne8
17.f4 Bf8 18.Kh1 a5 19.Nd1 Ne7 20.Ne3 Ng6 21.Qe1 Bc6 22.Ng4 Ba8 23.Rc1 a4
24.h4 Ne7 25.h5 axb3 26.cxb3 Qb7 27.h6 g6 28.Qd2 Qa7 29.Ba1 Rxc1 30.Rxc1 e5
31.fxe5 d5 32.e6 fxe6 33.Qb2 d4 34.Nxd4 e5 35.Nxe5 Rc8 36.Rxc8 Nxc8 37.Nxb5 Qe3
38.Nf3 Bxe4 39.Qh8+ Kf7 40.Qxh7+ Ke6 41.Nfd4+ Kd5 42.Qb7+ Ke5 43.Nf3+ Kf4
44.Be5+ Kg4  1-0

[Event "POL-chT2"]
[Site "Wisla"]
[Date "1998.??.??"]
[Round "?"]
[White "Bielczyk, Jacek"]
[Black "Bielinski, Dariusz"]
[Result "1-0"]
[WhiteElo "2370"]
[BlackElo "2215"]

1.e4 c5 2.Nf3 e6 3.Nc3 a6 4.d4 cxd4 5.Nxd4 Qc7 6.g3 Nf6 7.Bg2 Be7 8.O-O O-O
9.Re1 d6 10.a4 Nc6 11.Be3 Ne5 12.Qe2 Bd7 13.h3 Nc4 14.Bc1 Rab8 15.b3 Na5
16.Bb2 Nc6 17.Nxc6 Bxc6 18.Rad1 Rfe8 19.Ba3 b5 20.axb5 axb5 21.Bb4 Bf8 22.Rd2 Nd7
23.Red1 Nc5 24.Qe3 Qb7 25.f3 f6 26.Kh2 Rec8 27.Ne2 Be8 28.h4 Bf7 29.Bh3 Na6
30.Bxd6 Bxd6 31.Rxd6 h6 32.Nd4 Nc5 33.b4 Na4 34.Bxe6 Bxe6 35.Nxe6 Rxc2+ 36.Kh3 Qe7
37.Qf4 Re8 38.Nd4 Rc7 39.Nf5 Qe5 40.Qxe5 Rxe5 41.Rd8+ Kf7 42.R8d7+ Rxd7 43.Rxd7+ Kf8
44.Nxg7 Nc3 45.Nf5 Na2 46.Rd8+ Kf7 47.Rb8 Nxb4 48.Nd6+ Ke6 49.Nxb5 Nd3 50.Nd4+ Kf7
51.Rb7+ Kg8 52.Nf5 h5  1-0

[Event "POL-chT2"]
[Site "Wisla"]
[Date "1998.??.??"]
[Round "?"]
[White "Moniszka, Krzysztof"]
[Black "Ostrowski, Andrzej"]
[Result "1-0"]
[WhiteElo "2050"]
[BlackElo "2245"]

1.e4 c5 2.Nf3 e6 3.d4 cxd4 4.Nxd4 a6 5.Nc3 Qc7 6.Be3 Nf6 7.Bd3 b6 8.a3 Bb7
9.O-O d5 10.exd5 Nxd5 11.Nxd5 Bxd5 12.Re1 Be7 13.Qg4 g6 14.Bh6 Nd7 15.Ne2 Bf8
16.Bxf8 Kxf8 17.Nf4 Nf6 18.Nxd5 exd5 19.Qd4 Kg7 20.Re5 Qc6 21.Rae1 Rhe8 22.Rxe8 Rxe8
23.Rxe8 Qxe8 24.g4 h6 25.h4 g5 26.hxg5 hxg5 27.Kf1 Qe7 28.f4 Kg8 29.fxg5 Ne4
30.Qxd5 Nxg5 31.Qf5 Qe3 32.Qc8+ Kg7 33.Qc3+ f6 34.Qc7+ Nf7 35.Bf5 Qc1+ 36.Kg2 Qd2+
37.Kf1 Qd1+ 38.Kf2 Qd4+ 39.Kg2 Qd5+ 40.Kg3 Qh1 41.Kf2 Qc1 42.b4 Qd2+ 43.Kf3 Qd1+
44.Ke3 Qe1+ 45.Kd4 Qa1+ 46.c3 Qb2 47.Kd5 Kh6 48.Ke6 Kg5 49.Kxf7 Qxa3 50.Qc6 a5
51.Qxf6+ Kf4 52.Qd4+ Kg5 53.Qd8+ Kf4 54.Qc7+ Kg5 55.bxa5 b5 56.Qe7+  1-0

[Event "S&W Masters 8th op"]
[Site "Witley"]
[Date "1998.??.??"]
[Round "4"]
[White "Kargin, Arseny"]
[Black "Ribshtein, Nati"]
[Result "0-1"]
[WhiteElo "2285"]
[BlackElo "2295"]

1.e4 c5 2.Nf3 e6 3.Nc3 a6 4.d4 cxd4 5.Nxd4 b5 6.a3 Bb7 7.Be3 d6 8.g3 Nf6
9.Bg2 Qc7 10.O-O Be7 11.Qe2 O-O 12.Rad1 Nbd7 13.f4 g6 14.f5 exf5 15.exf5 Rfe8
16.fxg6 hxg6 17.Bg5 Rac8 18.Qf2 Bxg2 19.Kxg2 Qc4 20.Qf4 Nh5 21.Qh4 Bf8 22.Rf2 Bg7
23.Nf5 Qxh4 24.Nxh4 Re6 25.Nd5 Nhf6 26.c3 Nxd5 27.Rxd5 Ne5 28.Bf4 Nc4 29.Nf3 Rce8
30.Nd4 Re1 31.Kh3 Rb1 32.b3 Bxd4 33.cxd4 Rxb3 34.Bxd6 Rd8 35.Rf6 Nb6 36.Rg5 Nc4
37.Be5 Rxa3 38.Rg4 Nxe5 39.dxe5 Re8 40.e6 Rxe6 41.Rgxg6+ fxg6 42.Rxe6 Kf7
43.Rb6 Ra2 44.Kg4 Rxh2 45.Rxa6 Rh5 46.Ra7+ Kf6 47.Ra6+ Kg7 48.Ra7+ Kh6 49.Rb7 Rc5
50.Kh4 Rc4+ 51.g4 g5+ 52.Kg3 Rc5 53.Rb6+ Kg7 54.Kf3 Re5 55.Rd6 Kf7 56.Rd4 Kf6
57.Rd8 Ke6 58.Kf2 Ke7 59.Rd4 Ke6 60.Rd8 Rd5 61.Rg8 Kd6 62.Ke3 Kc5 63.Ke4 Kc4
64.Rh8 b4 65.Rh1 Rb5 66.Rc1+ Kb3 67.Kd4 Ka2 68.Kc4 Rb8 69.Rc2+ Ka3 70.Rf2 b3
71.Rf5 Rc8+ 72.Kd4 b2 73.Ra5+ Kb4 74.Ra7 Rb8  0-1

[Event "Ardid mem 10th op"]
[Site "Zaragoza"]
[Date "1998.??.??"]
[Round "7"]
[White "Ayas Fernandez, Antonio"]
[Black "Kovacevic, Slobodan"]
[Result "0-1"]
[WhiteElo "2300"]
[BlackElo "2420"]

1.e4 c5 2.Nf3 e6 3.d4 cxd4 4.Nxd4 a6 5.Nc3 Qc7 6.g3 Bb4 7.Ne2 Nf6 8.Bg2 Be7
9.O-O Nc6 10.a4 Rb8 11.Nf4 d6 12.Nh5 Nxh5 13.Qxh5 Bf6 14.Ne2 O-O 15.c3 Bd7
16.Bf4 Ne5 17.Rfd1 Rfd8 18.g4 Be8 19.g5 Be7 20.Qh3 Nc4 21.b3 Na5 22.c4 b6
23.Bd2 Nb7 24.Ng3 Nc5 25.Nh5 Bc6 26.Re1 e5 27.f4 exf4 28.Bxf4 Nd7 29.Rad1 Re8
30.Bc1 Ne5 31.Qg3 Bf8 32.Bb2 b5 33.axb5 axb5 34.cxb5 Rxb5 35.Bc1 Rb4  0-1

[Event "Trinec op"]
[Site "Trinec"]
[Date "1999.01.01"]
[Round "7"]
[White "Hitzgerova, Gabriela"]
[Black "Babula, Pavel"]
[Result "1-0"]
[WhiteElo "2210"]
[BlackElo "2060"]

1.e4 c5 2.Nf3 e6 3.d4 cxd4 4.Nxd4 a6 5.Nc3 Qc7 6.g3 b5 7.Bg2 Bb7 8.O-O Nc6
9.Nxc6 Bxc6 10.Re1 d6 11.a4 b4 12.Nd5 Qb7 13.a5 Nf6 14.Bg5 Be7 15.Nxe7 Kxe7
16.Qd2 Rab8 17.Qe3 Rhd8 18.Bf1 h6 19.Bxf6+ Kxf6 20.e5+ Ke7 21.exd6+ Rxd6
22.Qe5 f6 23.Qc5 Bd5 24.Bxa6 Qd7 25.Bd3 Kf7 26.b3 g5 27.a6 Rc6 28.Qd4 Rc7
29.Qg4 f5 30.Qh5+ Kg7 31.Qe2 Qc6 32.Qe5+ Kf7 33.Ra5 Bh1 34.Bf1 Be4 35.Bc4 Ra8
36.Bxe6+ Kg6 37.Bxf5+ Bxf5 38.Qxf5+ Kg7 39.Qe5+ Kh7 40.Qf5+ Kg7 41.Qe5+ Kh7
42.Qe4+ Kg7 43.Qxb4 Qxc2 44.Qd4+ Kh7 45.Qe4+ Qxe4 46.Rxe4 Rc6 47.Rea4 Ra7
48.b4 Kg6 49.b5 Rb6 50.Re4 Kf5 51.Re3 h5 52.Kf1 h4 53.gxh4 gxh4 54.Ke2 Rd6
55.b6+  1-0

[Event "Rilton Cup 9899"]
[Site "Stockholm"]
[Date "1999.01.04"]
[Round "7"]
[White "Hector, Jonny"]
[Black "Ahlander, Bjorn"]
[Result "0-1"]
[WhiteElo "2510"]
[BlackElo "2410"]

1.e4 c5 2.Nf3 e6 3.d4 cxd4 4.Nxd4 a6 5.Nc3 Qc7 6.Bd3 Bc5 7.Nb3 Be7 8.g4 Nc6
9.Be3 b5 10.a3 d6 11.g5 h6 12.Qh5 Ne5 13.O-O-O Bd7 14.f4 g6 15.Qe2 Nxd3+
16.Rxd3 hxg5 17.fxg5 a5 18.Nd4 Qb7 19.Rf1 b4 20.Qf3 Rh7 21.Nd5 exd5 22.exd5 Rc8
23.h4 bxa3 24.Rxa3 a4 25.Bf2 Rc5 26.Ne6 Bxe6 27.Bxc5 Bxd5 28.Qf4 dxc5 29.Qxa4+ Kf8
30.Qf4 Qb4 31.Qe5 Qe4 32.Qb8+ Kg7 33.Qg3 Rxh4 34.Re3 Rg4  0-1

[Event "Hastings Challengers"]
[Site "Hastings"]
[Date "1999.01.05"]
[Round "8"]
[White "Lentze, Ingo"]
[Black "Miezis, Normunds"]
[Result "0-1"]
[WhiteElo "2205"]
[BlackElo "2515"]

1.e4 c5 2.Nf3 e6 3.d4 cxd4 4.Nxd4 a6 5.Nc3 Qc7 6.Be2 Bb4 7.Qd3 Nf6 8.O-O Nc6
9.Nxc6 bxc6 10.Bg5 h6 11.Bh4 Bc5 12.Bg3 e5 13.Rad1 g5 14.Qc4 Bb6 15.Kh1 d6
16.f3 Be6 17.Qa4 Nd7 18.Bf2 Ke7 19.Qa3 Rhd8 20.Na4 Bxf2 21.Rxf2 Nb6 22.Bf1 Nxa4
23.Qxa4 Qb6 24.Rfd2 d5 25.exd5 cxd5 26.c4 d4 27.Qa3+ Qd6 28.b4 Kf6 29.c5 Qc6
30.Qc1 Kg7 31.Bc4 Bxc4 32.Qxc4 Qb5 33.Qb3 Rab8 34.Rb2 a5 35.a3 axb4 36.axb4 d3
37.Kg1 Rd4 38.Qc3 f6 39.Rb3 Rbd8 40.Qd2 R8d5 41.Rc1 e4 42.c6 Rc4 43.Rxc4 Qxc4
44.fxe4 Qd4+ 45.Kf1 Qxe4 46.h3 Qd4 47.g4 Qc4 48.c7 Qxc7 49.Rxd3 Qc4 50.Ke2 h5
51.Qc3 Qe4+ 52.Kd2 hxg4 53.hxg4 Rxd3+ 54.Qxd3 Qxb4+ 55.Qc3 Qxc3+ 56.Kxc3 f5  0-1

[Event "Tapolca op"]
[Site "Budapest"]
[Date "1999.01.08"]
[Round "1"]
[White "Herman, Tamas"]
[Black "Nagy, Marton"]
[Result "1-0"]
[WhiteElo "2175"]
[BlackElo "2070"]

1.e4 c5 2.Nf3 e6 3.d4 cxd4 4.Nxd4 a6 5.Nc3 Qc7 6.a3 Nf6 7.Be3 Bc5 8.Bd3 d6
9.O-O Nc6 10.Be2 Bd7 11.Qd2 Nxd4 12.Bxd4 O-O-O 13.b4 e5 14.Be3 Bxe3 15.Qxe3 Kb8
16.Nd5 Nxd5 17.exd5 f5 18.c4 f4 19.Qb3 g5 20.Rfc1 g4 21.Bf1 e4 22.c5 Rde8
23.c6 bxc6 24.dxc6 Be6 25.Qa4 Bc8 26.b5 e3 27.b6 Qe7 28.c7+ Ka8 29.Bxa6 exf2+
30.Kh1 Qe1+ 31.Bf1+  1-0

[Event "Oberliga Sued W9899"]
[Site "Wuertemberg"]
[Date "1999.01.17"]
[Round "5"]
[White "Dueren, Jerome"]
[Black "Rau, Juergen"]
[Result "0-1"]
[WhiteElo "2170"]
[BlackElo "2175"]

1.e4 c5 2.Nf3 e6 3.d4 cxd4 4.Nxd4 a6 5.Nc3 Qc7 6.Bd3 Nc6 7.Be3 b5 8.a3 Bb7
9.Nxc6 dxc6 10.O-O Nf6 11.f4 Be7 12.e5 Nd5 13.Nxd5 cxd5 14.Qg4 g6 15.c3 Rc8
16.Kh1 h5 17.Qe2 Qc6 18.Bd4 O-O 19.b4 Kg7 20.Rae1 Rh8 21.Rf3 Rcg8 22.Qf2 Bc8
23.Rf1 Kf8 24.Qe2 Bd7 25.a4 Bd8 26.axb5 axb5 27.Qe3 Bc7 28.Ra1 Qb7 29.Rff1 Bc6
30.Ra7 Qb8 31.Rfa1 Kg7 32.R1a6 Bb7 33.Ra1 Bc6 34.Bc5 Re8 35.R1a6 Bb7 36.Bxb5 Bxa6
37.Bxe8 Rxe8 38.Rxa6 Qb5 39.Ra1 Rc8 40.Kg1 Bd8 41.Kf2 Rxc5 42.bxc5 Qb2+ 43.Kg3 Qxa1
44.c6 Qb1 45.Qc5 Qe1+ 46.Kf3 Qe4+  0-1

[Event "Ubeda op"]
[Site "Ubeda"]
[Date "1999.01.20"]
[Round "1"]
[White "Alonso, Salvador"]
[Black "Kazhgaleyev, Murtas"]
[Result "0-1"]
[WhiteElo "2345"]
[BlackElo "2550"]

1.e4 c5 2.Nf3 e6 3.d4 cxd4 4.Nxd4 a6 5.Nc3 Qc7 6.Be2 b5 7.O-O Bb7 8.Bf3 Nc6
9.Nxc6 dxc6 10.Qe2 Ne7 11.Rd1 Ng6 12.g3 Be7 13.h4 O-O 14.h5 Ne5 15.Bg2 c5
16.Bf4 Rfd8 17.Rxd8+ Rxd8 18.a4 b4 19.Nd1 g5 20.hxg6 hxg6 21.Ne3 g5 22.Bxe5 Qxe5
23.Nc4 Qd4 24.Rb1 Bc6 25.b3 Ba8 26.e5 Bxg2 27.Kxg2 Kg7 28.Rh1 Qd5+ 29.Qf3 g4
30.Qxd5 Rxd5 31.Rh5 Rd1 32.Ne3 Rd2 33.Kf1 c4 34.bxc4 Bc5 35.Nxg4 Kg6 36.Rh8 Kf5
37.f3 Rxc2 38.Rb8 Rxc4 39.Re8 Rc3 40.Ke2 a5 41.Rh8 b3 42.Rh5+ Kg6 43.Rh6+ Kg7
44.Rh5 Be7 45.Nf6 b2  0-1

[Event "Mermaid Beach Club"]
[Site "Bermuda"]
[Date "1999.01.22"]
[Round "2"]
[White "Waitzkin, Joshua"]
[Black "Forster, Richard"]
[Result "1-0"]
[WhiteElo "2467"]
[BlackElo "2468"]

1.e4 c5 2.Nf3 e6 3.d4 cxd4 4.Nxd4 a6 5.Nc3 b5 6.Be2 Bb7 7.O-O Qc7 8.Re1 Nf6
9.Bf3 d6 10.Bf4 e5 11.Bg3 Nbd7 12.Nf5 b4 13.Nd5 Bxd5 14.exd5 g6 15.Nd4 Bg7
16.Nc6 O-O 17.Qd2 a5 18.a3 bxa3 19.Rxa3 Nb6 20.Nxa5 Rfe8 21.Rc3 Qa7 22.Nc6 Qa2
23.Rb3 e4 24.Be2 Nfxd5 25.Bb5 Rac8 26.Nb4 Nxb4 27.Qxb4 Red8 28.Bh4 Nd5 29.Qxe4 Nf6
30.Qf3 Qa5 31.Rf1  1-0

[Event "Maalox Plus op"]
[Site "Brasilia"]
[Date "1999.01.23"]
[Round "4"]
[White "Brito, Luizmar J"]
[Black "Valle, Adriano"]
[Result "1-0"]
[WhiteElo "2255"]
[BlackElo "2210"]

1.e4 c5 2.Nf3 e6 3.d4 cxd4 4.Nxd4 a6 5.Nc3 Nc6 6.Be3 Qc7 7.Bd3 Nf6 8.O-O h5
9.h3 Bd6 10.Nxc6 dxc6 11.f4 e5 12.f5 b5 13.Rf2 Bb7 14.a3 Rd8 15.Rd2 Be7 16.Be2 Rxd2
17.Qxd2 h4 18.Bf3 c5 19.Re1 O-O 20.Bg5 Rd8 21.Nd5 Bxd5 22.exd5 e4 23.Bxe4 Nxe4
24.Rxe4 Bxg5 25.Qxg5 f6 26.Qg6 Qf7 27.d6 Qd5 28.Re6 Qd4+ 29.Kh1 Qxb2 30.Re8+ Rxe8
31.Qxe8+ Kh7 32.Qh5+ Kg8 33.Qd1  1-0

[Event "Ubeda op"]
[Site "Ubeda"]
[Date "1999.01.25"]
[Round "6"]
[White "Asrian, Karen"]
[Black "Landa, Konstantin"]
[Result "0-1"]
[WhiteElo "2575"]
[BlackElo "2540"]

1.e4 c5 2.Nf3 e6 3.d4 cxd4 4.Nxd4 a6 5.Nc3 b5 6.Bd3 Qb6 7.Nb3 Qc7 8.O-O Bb7
9.a3 Nf6 10.Qe2 d6 11.f4 Nbd7 12.Kh1 Be7 13.Be3 O-O 14.Bg1 Rfe8 15.Nd4 Bf8
16.Qd2 g6 17.Rae1 Rac8 18.Qf2 Bg7 19.h3 Nc5 20.Nb3 Nfd7 21.Nxc5 Nxc5 22.e5 Red8
23.Re3 dxe5 24.fxe5 Nxd3 25.cxd3 Rd7 26.Bh2 Rcd8 27.Rd1 Qc5 28.d4 Qc4 29.Red3 a5
30.Bf4 h6 31.Kh2 Qc6 32.Ne2 b4 33.axb4 axb4 34.R3d2 Qd5 35.Be3 Qe4 36.Ng3 Qh4
37.Qf4 Qxf4 38.Bxf4 Rc8 39.Be3 b3 40.Ne2 Be4 41.Ra1 Rb7 42.Ng3 Bd5 43.Ne2 Be4
44.Ng3 Bc2 45.h4 Bf8 46.d5 Bb4 47.Rd4 Bc3 48.bxc3 b2 49.Rf1 exd5 50.Rxd5 Kh7
51.Rd2 b1=Q 52.Rxb1 Bxb1 53.Bd4 Ra8 54.Rf2 Ra2 55.Rxa2 Bxa2 56.Ne4 Rb2 57.c4 Rc2
58.c5 Rc4 59.Nf6+ Kg7 60.Bf2 Rc2 61.Be3 Be6 62.Kg1 h5 63.g3 Kf8 64.Kf1 Ke7
65.Ke1 Bc4 66.Kd1 Bb3 67.Ke1 Ke6 68.Ne4 Kxe5 69.Nd2 Bd5 70.Ke2 Ra2 71.Bf4+ Kd4
72.Be3+ Ke5 73.Bf4+ Kf5 74.Ke3 f6 75.Kd4 Bc6 76.Nc4 g5 77.Bc7 gxh4 78.gxh4 Ke6
79.Bg3 Rg2 80.Be1 Rg1 81.Bf2 Rg4+ 82.Kc3 Rf4 83.Be1 Rf1 84.Kd2 Rf5 85.Ne3 Rxc5
86.Ke2 Be4  0-1

[Event "Ubeda op"]
[Site "Ubeda"]
[Date "1999.01.26"]
[Round "7"]
[White "Moreno, Javier"]
[Black "Kazhgaleyev, Murtas"]
[Result "1/2-1/2"]
[WhiteElo "2430"]
[BlackElo "2550"]

1.e4 c5 2.Nf3 e6 3.d4 cxd4 4.Nxd4 a6 5.Nc3 Qc7 6.Be2 b5 7.O-O Bb7 8.Re1 Nc6
9.Nxc6 dxc6 10.e5 Rd8 11.Bd3 Ne7 12.Qh5 c5 13.Bg5 g6 14.Qh4 Rd4 15.Ne4 Bxe4
16.Bxe4 Nf5 17.Qh3 Be7 18.Bxe7 Qxe7 19.c3 Rd2 20.Bxf5 gxf5 21.Qh6 Qd7 22.a4 bxa4
23.Rxa4 Rg8 24.Rxa6 Qb7 25.g3 Rxb2 26.Rxe6+ fxe6 27.Qxe6+ Kf8 28.Rd1 Qe7
29.Qxf5+ Ke8 30.Qc8+ Kf7 31.Qf5+ Ke8  1/2-1/2

[Event "Nova Gorica op"]
[Site "Nova Gorica"]
[Date "1999.01.29"]
[Round "2"]
[White "Rozman, Edo"]
[Black "Sale, Srdjan"]
[Result "0-1"]
[WhiteElo "2186"]
[BlackElo "2415"]

1.e4 c5 2.Nf3 e6 3.d4 cxd4 4.Nxd4 a6 5.Nc3 Qc7 6.g3 Nf6 7.Bg2 Nc6 8.O-O Be7
9.a4 d6 10.h3 Bd7 11.Nde2 Rb8 12.g4 h6 13.Ng3 b5 14.axb5 axb5 15.Nce2 Ne5
16.Nd4 Rc8 17.f4 Nc6 18.Nde2 Qb6+ 19.Kh1 h5 20.gxh5 Nxh5 21.c3 Nf6 22.Nd4 Nxd4
23.cxd4 Rc4 24.Be3 e5 25.f5 Bc6 26.Qe2 exd4 27.Bg5 Qc5 28.Bxf6 Bxf6 29.Nh5 Rc2
30.Qg4 Qe5 31.Ra6 d3 32.Nxf6+ Qxf6 33.Rxc6 Rxc6 34.e5 dxe5 35.Bxc6+ Qxc6+
36.Kh2 Kf8 37.Qg5 f6 38.Qe3 Qc2+ 39.Rf2 Qc4 40.Qb6 Rh4 41.Qd8+ Kf7 42.Qd7+ Kg8
43.Rg2 Qf7 44.Qxb5 Rd4 45.Rg4 Qd7 46.Qb3+ Kh7 47.Qd1 Rxg4 48.hxg4 Qd4 49.b4 Qxb4
50.Kh3 Qe4 51.Qb3 Kh6 52.Qg8 Kg5 53.Qxg7+ Kf4 54.Qh6+ Kf3 55.Qh5 Qe3 56.Qh7 Qg1  0-1

[Event "BL2-S9899"]
[Site "Germany"]
[Date "1999.01.31"]
[Round "5.1"]
[White "Zeller, Frank"]
[Black "Kekelidze, Mikheil"]
[Result "1/2-1/2"]
[WhiteElo "2441"]
[BlackElo "2439"]

1.e4 c5 2.Nf3 e6 3.d4 cxd4 4.Nxd4 a6 5.Nc3 Qc7 6.Bd3 Nf6 7.f4 Nc6 8.Nxc6 Qxc6
9.Qe2 d5 10.O-O Bc5+ 11.Kh1 O-O 12.Bd2 Re8 13.Rae1 b5 14.e5 Nd7 15.Ne4 Be7
16.Ng5 g6 17.h4 Bb7 18.h5 Nc5 19.Rf3 Nxd3 20.cxd3 Rac8 21.Rh3 Bxg5 22.fxg5 d4
23.Bb4 Qc2 24.Rh4 Qxe2 25.Rxe2 Bd5 26.a3 Rc1+ 27.Kh2 Rec8 28.hxg6 hxg6 29.Rf4 R1c2  1/2-1/2

[Event "HUN-ch"]
[Site "Lillafured"]
[Date "1999.02.03"]
[Round "3"]
[White "Almasi, Zoltan"]
[Black "Farago, Ivan"]
[Result "1/2-1/2"]
[WhiteElo "2665"]
[BlackElo "2533"]

1.e4 c5 2.Nf3 e6 3.d4 cxd4 4.Nxd4 a6 5.Nc3 Qc7 6.Bd3 Nc6 7.Be3 Nf6 8.O-O Ne5
9.h3 Bc5 10.Kh1 d6 11.f4 Ng6 12.Qe1 Bd7 13.f5 Ne5 14.Qg3 O-O 15.Rad1 Kh8
16.Qh4 Rae8  1/2-1/2

[Event "Nova Gorica op"]
[Site "Nova Gorica"]
[Date "1999.02.04"]
[Round "8"]
[White "Rozman, Edo"]
[Black "Bednarich, Jan"]
[Result "1/2-1/2"]
[WhiteElo "2186"]
[BlackElo "2230"]

1.e4 c5 2.Nf3 e6 3.d4 cxd4 4.Nxd4 a6 5.Nc3 Qc7 6.g3 Nc6 7.Bg2 d6 8.O-O Bd7
9.a4 Nf6 10.Kh1 h5 11.h3 Be7 12.Be3 Rc8 13.Qe2 h4 14.g4 Nxd4 15.Bxd4 e5 16.Be3 Be6
17.Rfd1 Qc4 18.Qxc4 Rxc4 19.Rd3 Nd7 20.Rc1 Nc5 21.Bxc5 Rxc5 22.Nd5 Bg5 23.Ne3 Ke7
24.c3 g6 25.Ra1 a5 26.Bf1 Rhc8 27.Nd5+ Bxd5 28.Rxd5 Rxd5 29.exd5 f5 30.f3 Kf6
31.Re1 Bd2 32.Re2 Bf4 33.Rc2 Be3 34.Bd3 Kg5 35.Kg2 Rc5 36.c4 Rc7 37.Be2 Bd4
38.Bd1 Kf4 39.b3 Re7 40.Ra2 Bc5 41.Rc2 e4 42.fxe4 Rxe4 43.Re2 Be3 44.Bc2 Re5
45.gxf5 gxf5 46.Re1 Kg5 47.Kf3 Bc5 48.Re2 Kf6 49.Bd3 Rxe2 50.Kxe2 Ke5 51.Kf3 Bg1
52.Bc2 Bh2 53.Bb1 Bg3 54.Bc2 f4 55.Bg6 b6 56.Be8 Kd4 57.Bd7 Kc3 58.Be8 Kxb3
59.Bb5 Kc3 60.Ba6  1/2-1/2

[Event "Malaga op"]
[Site "Malaga"]
[Date "1999.02.10"]
[Round "8"]
[White "Terron Elena, Francisco Miguel"]
[Black "Rodriguez Lopez, Rafael"]
[Result "0-1"]
[WhiteElo "2252"]
[BlackElo "2295"]

1.e4 c5 2.Nf3 e6 3.d4 cxd4 4.Nxd4 a6 5.Nc3 Qc7 6.g3 Bb4 7.Ne2 Nf6 8.Bg2 Be7
9.O-O O-O 10.Nf4 Nc6 11.Nd3 d6 12.g4 b5 13.a3 Nd7 14.f4 Bf6 15.g5 Bd4+ 16.Kh1 Bxc3
17.bxc3 Bb7 18.Rf3 f5 19.gxf6 Rxf6 20.Bh3 Nce5 21.Nxe5 Nxe5 22.Bg2 Nxf3 23.Bxf3 Rc8
24.Bd2 e5  0-1

[Event "RUS-Cup03 (Geller mem)"]
[Site "Moscow"]
[Date "1999.02.14"]
[Round "5"]
[White "Abashev, Denis"]
[Black "Goletiani, Rusudan"]
[Result "0-1"]
[WhiteElo "2455"]
[BlackElo "2310"]

1.e4 c5 2.Nf3 e6 3.Nc3 a6 4.d4 cxd4 5.Nxd4 Qc7 6.Be3 Nf6 7.Bd3 Bd6 8.h3 b5
9.a3 Be7 10.f4 d6 11.O-O O-O 12.g4 Nfd7 13.g5 Re8 14.f5 Ne5 15.f6 Bf8 16.fxg7 Bxg7
17.Qh5 Nbc6 18.Nxc6 Qxc6 19.Rf4 Re7 20.Rh4 Kf8 21.Rf1 Ng6 22.Qxh7 Nxh4 23.Qxh4 Bb7
24.g6 Ke8 25.Bg5 f6 26.Rxf6 Bxf6 27.Bxf6 Qc5+ 28.Kh1 Rc7 29.Qg4 Kd7 30.Nd5 Bxd5
31.exd5 Qxd5+ 32.Be4 Qc4 33.Bxa8 Qf1+ 34.Kh2 Rxc2+ 35.Bg2 Qxf6 36.h4 Rc4
37.Qf3 Rxh4+ 38.Kg1 Qd4+  0-1

[Event "BL9899 (Women)"]
[Site "Germany"]
[Date "1999.02.28"]
[Round "9.4"]
[White "Jackova, Jana"]
[Black "Fichtner, Kathrin"]
[Result "1-0"]
[WhiteElo "2205"]
[BlackElo "2100"]

1.e4 c5 2.Nf3 e6 3.Nc3 a6 4.d4 cxd4 5.Nxd4 Nc6 6.Be3 Nf6 7.Bd3 Qc7 8.Qe2 Bb4
9.O-O Ne5 10.h3 Bxc3 11.bxc3 Qxc3 12.Nb3 d6 13.f4 Ned7 14.Bd4 Qc7 15.e5 dxe5
16.fxe5 Nd5 17.Qh5 g6 18.Qh6 b6 19.Rxf7 Kxf7 20.Bxg6+ hxg6 21.Rf1+ N5f6 22.Qxh8 Bb7
23.Qh7+ Ke8 24.exf6 Qd6 25.f7+  1-0

[Event "Chess Masters 3rd"]
[Site "Enghien-les-Bains"]
[Date "1999.03.07"]
[Round "5"]
[White "Bauer, Christian"]
[Black "Sadler, Matthew"]
[Result "1/2-1/2"]
[WhiteElo "2528"]
[BlackElo "2667"]

1.e4 c5 2.Nc3 e6 3.Nf3 a6 4.d4 cxd4 5.Nxd4 Qc7 6.Be2 b5 7.O-O Bb7 8.Re1 Be7
9.Bf3 d6 10.a4 bxa4 11.e5 dxe5 12.Bxb7 Qxb7 13.Rxe5 Nd7 14.Re1 Ngf6 15.Nxa4 O-O
16.Qf3 Qxf3 17.Nxf3 Rfc8 18.c3 Nd5 19.Bg5 Bf8 20.Red1 Rab8 21.Kf1 h6 22.Bc1 g6
23.Ke2 Bg7 24.g3 g5 25.h3 Kh7 26.Be3 Rc7 27.Bd4 f6 28.b4 Rbc8 29.Ra3 Bf8
30.Rb3 Kg6 31.Rd3 h5 32.Nd2 Rc6 33.Ne4 Rb8 34.Nd2 Rb7 35.Rb1 Rc8 36.Nb3 Rbc7
37.Nbc5 Nxc5 38.Bxc5 Bxc5 39.Nxc5 a5 40.Kd2 Nxc3 41.Rxc3 axb4 42.Rxb4 Rxc5
43.Rxc5 Rxc5 44.Ke2 Rc3 45.Kd2 Ra3 46.Ke2 Ra6 47.Kf3 Rc6 48.Ra4 Rc3+ 49.Ke2 Rb3
50.Rc4 Kf5 51.Ra4 e5 52.Rc4 Rb2+ 53.Ke3 Rb3+ 54.Ke2 Rb2+ 55.Ke3 Rb1 56.g4+ Kg6
57.Kf3 Rb7 58.Rc6 h4 59.Ra6 Kf7 60.Rc6 Rb3+ 61.Kg2 Rd3 62.Rb6 Ke7 63.Ra6 Rd6
64.Ra5 Ke6 65.Rc5 e4 66.Ra5 Rc6 67.Rb5 Rc2 68.Kg1 Rd2 69.Ra5 Rd5 70.Ra6+ Ke5
71.Kg2 Rb5 72.Rc6 Rb2 73.Kg1 e3 74.fxe3 Re2 75.Rc5+ Ke4 76.Rf5 Rxe3 77.Kg2 Rg3+
78.Kh2 Rf3 79.Ra5 Rf2+ 80.Kg1 Rd2 81.Rf5 Rd6 82.Kg2 Re6 83.Kg1 Kd3 84.Kg2 Kd2
85.Kg1 Ke1 86.Rf1+ Ke2 87.Rf2+ Kd3 88.Rf5 Ke2 89.Rf2+ Ke3 90.Kg2 Ke4 91.Rf5 Rd6
92.Rf2 Rb6 93.Re2+ Kd3 94.Rf2 Rc6 95.Rf5 Ke4 96.Rf2 Rd6 97.Rf5 Rd2+ 98.Kg1 Rd3
99.Kg2 Rg3+ 100.Kh2 Rf3 101.Ra5 f5 102.gxf5 Rxf5 103.Ra4+ Ke5 104.Kg2 Rf4
105.Ra5+ Kf6 106.Ra6+ Kf5 107.Ra5+ Kg6 108.Ra6+ Rf6 109.Ra5 Rc6 110.Rb5 Rc3
111.Ra5 Rc2+ 112.Kg1 Kf6 113.Rb5 Re2 114.Ra5 Re5 115.Ra4 Kf5 116.Kg2 Re4
117.Ra8 Re2+ 118.Kg1 Kf4 119.Ra5 Re1+ 120.Kf2 Re4 121.Rb5 Rc4 122.Ra5 Rc2+
123.Kg1 g4 124.Ra4+ Kg3 125.Rxg4+ Kxh3 126.Rf4 Kg3 127.Rf1 h3 128.Rd1 Rg2+
129.Kf1 Rf2+ 130.Kg1 Rf3 131.Rd2 Ra3 132.Rd1 Rb3 133.Rc1 Rb2 134.Rd1 Rg2+
135.Kf1 Rc2 136.Kg1 Rc3 137.Re1 Rf3 138.Rc1 Rf2 139.Rc3+ Rf3 140.Rxf3+  1/2-1/2

[Event "BL2-S9899"]
[Site "Germany"]
[Date "1999.03.07"]
[Round "7.4"]
[White "Duschek, Volker"]
[Black "Riedel, Wolfgang"]
[Result "1/2-1/2"]
[WhiteElo "2265"]
[BlackElo "2365"]

1.e4 c5 2.Nf3 e6 3.d4 cxd4 4.Nxd4 a6 5.Nc3 Ne7 6.g3 Nbc6 7.Nb3 d6 8.Bg2 Bd7
9.Be3 Qc7 10.f4 Nc8 11.O-O Be7 12.a4 Bf6 13.Kh1 O-O 14.Qd2 Rd8 15.Rad1 Rb8
16.g4 Na5 17.Nxa5 Qxa5 18.Nd5 Qxd2 19.Nxf6+ gxf6 20.Rxd2 Bxa4 21.f5 e5 22.g5 fxg5
23.Bxg5 f6 24.Bxf6 Rf8 25.Bg5 Bc6 26.Rg1 Kf7 27.Bf3 Ke8 28.Rg3 Kd7 29.c4 Kc7
30.Be3 Rf7 31.Rg8 b6 32.Kg1 Ne7 33.Rxb8 Kxb8 34.Bg2 Kc7 35.b4 Ng8 36.b5 axb5
37.cxb5 Bxb5 38.Rb2 Bc6 39.Bxb6+ Kd7 40.Rd2 Rg7 41.Bc5 Bxe4 42.Rxd6+ Kc7
43.Rd2 Rxg2+ 44.Rxg2 Bxg2 45.Kxg2 Nh6 46.Kf3 Kc6 47.Bf8 Nxf5 48.Ke4 Nh4 49.Bg7  1/2-1/2

[Event "BL2-S9899"]
[Site "Germany"]
[Date "1999.03.07"]
[Round "7.2"]
[White "Heidenfeld, Mark"]
[Black "Lenz, Thomas"]
[Result "1-0"]
[WhiteElo "2366"]
[BlackElo "2290"]

1.e4 c5 2.Nf3 e6 3.d4 cxd4 4.Nxd4 a6 5.Nc3 Qc7 6.g3 Nc6 7.Bg2 d6 8.O-O Bd7
9.Nce2 Nf6 10.Re1 Be7 11.Nxc6 bxc6 12.c4 O-O 13.b3 c5 14.Bb2 Bc6 15.Nf4 Rfd8
16.Qe2 a5 17.Rab1 a4 18.e5 dxe5 19.Bxe5 Qc8 20.Bc3 axb3 21.axb3 Bxg2 22.Kxg2 Qc6+
23.Qf3 Qxf3+ 24.Kxf3 g5 25.Ng2 Ra2 26.Ne3 g4+ 27.Nxg4 Nxg4 28.Kxg4 Rxf2 29.Rbd1 Rxd1
30.Rxd1 Rxh2 31.Rd7 f5+ 32.Kf4 Kf7 33.Be5 Ke8 34.Rb7 Re2 35.Bb8 Re4+ 36.Kf3 h5
37.Bf4 e5 38.Be3 h4 39.gxh4 Rxh4 40.Rxe7+ Kxe7 41.Bg5+ Kd6 42.Bxh4 Kc6 43.Be7  1-0